| 000 | 00404nam a22001457a 4500 | ||
|---|---|---|---|
| 005 | 20200610103707.0 | ||
| 008 | 200610b xxu||||| |||| 00| 0 eng d | ||
| 082 | _a345.4 AIR | ||
| 110 |
_aALL INDIA REPORTER _95893 |
||
| 245 | _aALL INDIA REPORTER , 1960 (VOL-47) STATUTE AND A REF | ||
| 260 |
_aALL INDIA REPORTER _bALL INDIA REPORTER, PVT LTD. |
||
| 300 | _a120;p | ||
| 650 |
_aLAW _95701 |
||
| 942 | _cJRL | ||
| 999 |
_c6955 _d6953 |
||